00483 2200157 4500245008500000020002200085250001000107100004100117005001900158260003700177041001400214084000800228500003900236490004100275336000900316 aWORLD HERITAGE NATURE&CULTURE VOL.09cWORLD HERITAGE NATURE&CULTURE VOL.09hText a978-979-15107-3-8 aCet.1 aWORLD HERITAGE NATURE&CULTURE VOL.09 a20240828083853 aJakartabBATARA PUBLISHINGc2009 aIndonesia a959 aDaftar Isi : Amerika utara, Kanada aWORLD HERITAGE NATURE&CULTURE VOL.09 atext